Famous Surf Spots - Statistics

General Stats
  • This quiz has been taken 15 times
  • The average score is 7 of 15
Answer Stats
Description Name % Correct
Biggest Waves Nazare
92%
Known for Large Barrels Over Shallow Reef Pipeline
92%
Also Called "Peahi" Jaws
85%
Longest Barrel of all Time Skeleton Bay
85%
2nd Biggest Waves Mavericks
54%
Mexican Pipeline Puerto Escondido
54%
Known For Thich and Powerful Barrels Teahupoo
54%
Crazy Geological Feature Creating 2 Waves to Collide. The Wedge
46%
Waves 100 miles off of Shore (Look it up) Cortes Bank
23%
Known for Strong Beach Breaks Hossegor
23%
Very Consistnt Surf Break Lower Trestles
23%
Crazy Long Lasting Waves Jeffery's Bay
8%
It "Cons" People Rincon
8%
Known for a Strong Break in Santa Cruz Steamer Lane
8%
Super Long with Barrels Mundaka
0%
No matching quizzes found
Score Distribution
Percent of People with Each Score
Percentile by Number Answered
Your Score History
You have not taken this quiz